书目信息 |
| 题名: |
淘宝天猫服装网店运营秘笈
|
|
| 作者: | ;恒盛杰电商资讯 编著 | |
| 分册: | ||
| 出版信息: | 北京 机械工业出版社 2016 |
|
| 页数: | 215页 | |
| 开本: | 24cm | |
| 丛书名: | ||
| 单 册: | ||
| 中图分类: | F768.3-39 | |
| 科图分类: | ||
| 主题词: | 服装--网络营销--教材 | |
| 电子资源: | ||
| ISBN: | 978-7-111-53750-2 | |
| 000 | 00939nam0 2200241 450 | |
| 001 | 351556 | |
| 005 | 20161017110354.38 | |
| 010 | @a978-7-111-53750-2@dCNY49.00 | |
| 100 | @a20160628d2016 em y0chiy50 ea | |
| 101 | 0 | @achi |
| 102 | @aCN@b110000 | |
| 105 | @aa z 000yy | |
| 106 | @ar | |
| 200 | 1 | @a淘宝天猫服装网店运营秘笈@f恒盛杰电商资讯编著 |
| 210 | @a北京@c机械工业出版社@d2016 | |
| 215 | @a215页@c图@d24cm | |
| 300 | @aSEO·直通车·数据化精准营销·爆款打造学习教程 | |
| 330 | @a本书以淘宝网和天猫商城为平台,以网店运营为核心,用最简单、直接的营销理论讲解了服装网店的运营法则。全书分10章,内容包括市场分析、淘宝SEO、店铺装修、视觉营销、推广工具、客户服务、爆款打造和数据化分析等,并且穿插了手机淘宝的运营策略,让卖家真正做到PC端/无线端两手抓、两手硬。 | |
| 606 | 0 | @a服装@x网络营销@j教材 |
| 690 | @aF768.3-39@v5 | |
| 711 | 02 | @a恒盛杰电商资讯@4编著 |
| 801 | 0 | @aCN@bTANGWEI@c20160820 |
| 905 | @b0895270-4@dF768.3-39@e52@f5 | |
| 淘宝天猫服装网店运营秘笈/恒盛杰电商资讯编著.-北京:机械工业出版社,2016 |
| 215页:图;24cm |
| SEO·直通车·数据化精准营销·爆款打造学习教程 |
| ISBN 978-7-111-53750-2:CNY49.00 |
| 本书以淘宝网和天猫商城为平台,以网店运营为核心,用最简单、直接的营销理论讲解了服装网店的运营法则。全书分10章,内容包括市场分析、淘宝SEO、店铺装修、视觉营销、推广工具、客户服务、爆款打造和数据化分析等,并且穿插了手机淘宝的运营策略,让卖家真正做到PC端/无线端两手抓、两手硬。 |
| ● |
| 相关链接 |
|
|
|
|
正题名:淘宝天猫服装网店运营秘笈
索取号:F768.3-39/52
 
预约/预借
| 序号 | 登录号 | 条形码 | 馆藏地/架位号 | 状态 | 备注 |
| 1 | 0895270 | 208952702 | 第一样本阅览室/ [索取号:F768.3-39/52] | 在馆 | |
| 2 | 0895271 | 208952711 | 第一借阅区/ [索取号:F768.3-39/52] | 在馆 | |
| 3 | 0895272 | 208952720 | 第一借阅区/ [索取号:F768.3-39/52] | 在馆 | |
| 4 | 0895273 | 208952739 | 第一借阅区/ [索取号:F768.3-39/52] | 在馆 | |
| 5 | 0895274 | 208952748 | 密集书库-海洋学院/ [索取号:F768.3-39/52] | 在馆 |